| 000 | 00880 a2200253 4500 | ||
|---|---|---|---|
| 003 | Nust | ||
| 005 | 20170207154008.0 | ||
| 010 | _a 2002020190 | ||
| 020 | _a0735613788 | ||
| 040 | _cNust | ||
| 082 | 0 | 0 | _a004.603 |
| 100 | 1 | _aTulloch, Mitch. | |
| 245 | 1 | 0 |
_aMicrosoft encyclopedia of networking-(EBOOK) _cMitch Tulloch, Ingrid Tulloch. |
| 246 | 3 | 0 | _aEncyclopedia of networking |
| 250 | _a2nd ed. | ||
| 260 |
_aRedmond, Wash. : _bMicrosoft Press, _cc2002. |
||
| 300 |
_alvi, 1313 p. : _bill. ; _c25 cm _e1 computer laser optical disc (4 3/4 in.) |
||
| 500 | _aIncludes index. | ||
| 650 | 0 | _aComputer networks | |
| 651 | _aEBOOK | ||
| 700 | 1 | _aTulloch, Ingrid. | |
| 856 | 4 | 2 |
_3Contributor biographical information _uhttp://www.loc.gov/catdir/enhancements/fy1004/2002020190-b.html |
| 856 | 4 | 2 |
_3Publisher description _uhttp://www.loc.gov/catdir/enhancements/fy1004/2002020190-d.html |
| 942 |
_2ddc _cBK |
||
| 999 |
_c191059 _d191059 |
||